Algunas prácticas agronómicas para el cultivo del plátamo : manual para agricultores /
Guardado en:
| Autor Corporativo: | |
|---|---|
| Formato: | Libro |
| Idioma: | Spanish |
| Publicado: |
Caracas,
1977.
|
| Etiquetas: |
Agregar Etiqueta
Sin Etiquetas, Sea el primero en etiquetar este registro!
|
| LEADER | 00528nam a22001455a 4500 | ||
|---|---|---|---|
| 001 | EUN.um044060 | ||
| 003 | AR-BaUNS | ||
| 005 | 20050623122913.0 | ||
| 008 | 041125s1977####ve#a##########000#0#spa#d | ||
| 245 | 1 | 0 | |a Algunas prácticas agronómicas para el cultivo del plátamo : |b manual para agricultores / |c Ministerio de agricultura y cría. |
| 260 | |a Caracas, |c 1977. | ||
| 300 | |a 31 p. : |b ilus. ; |c 22 cm. | ||
| 082 | 0 | 4 | |a 634.7 |
| 110 | 2 | |a Ministerio de agricultura y cría |c Venezuela. | |
| 859 | |a Ar-BaUNS |b BIB. CENTRAL - Sector C |h 634.7 |i V556 |p 78535/977 | ||
